000 00661nam a22002177a 4500
003 OSt
005 20220107122719.0
008 130816b xxu||||| |||| 00| 0 eng d
020 _a0521518253
040 _cIIITM-K
082 _a401.43 BER/F
245 0 0 _aFrom semantics to computer science :
_bEssays in honour of Gilles Kahn
_cedited by Yves Bertot ... [et al.].
260 _aNew York :
_bCambridge University Press,
_c2009.
300 _axix, 574 p.
650 0 _aComputer science.
_91604
650 0 _aCOMPUTER SCIENCE
_91605
650 0 _aINFORMATION TECHNOLOGY
_91606
650 0 _aSEMANTICS
_91607
700 _aYves Bertot
_91610
942 _2ddc
_cBK
999 _c3195
_d3195